00494nam a2200157Ia 4500082001200000100001800012245007100030260002400101300000800125504004100133650003100174650002700205650003600232650004200268710002600310 aTS.0858 aSharma, Kusum 0aStudy of Psycho-Social factors affecting reading skills in english cUniversity of Delhi a252 aincludes bibliography and appendices aReadingvAbility - testing aReading, Psychology of aReading skills competency tests aEnglish languagevStudy and teaching  aSabharwal, Virender K